Educación para una economía competitiva : (Registro nro. 6084)

Detalles MARC
000 -LEADER
fixed length control field 01154nam a2200277Ia 4500
003 - CONTROL NUMBER IDENTIFIER
control field OSt
005 - DATE AND TIME OF LATEST TRANSACTION
control field 20200901102152.0
008 - FIXED-LENGTH DATA ELEMENTS--GENERAL INFORMATION
fixed length control field 191128s1992 mx ad gr 000 0 spa d
020 ## - INTERNATIONAL STANDARD BOOK NUMBER
International Standard Book Number 9681322657
040 ## - CATALOGING SOURCE
Original cataloging agency CO-JMCR
Transcribing agency CO-JMCR
041 0# - LANGUAGE CODE
Language code of text/sound track or separate title spa
082 04 - DEWEY DECIMAL CLASSIFICATION NUMBER
Classification number 371.207 /
Item number C397e
Edition number 23
100 1# - MAIN ENTRY--PERSONAL NAME
Personal name Trejo, Gillermo,
Relator term autor
9 (RLIN) 9542
245 10 - TITLE STATEMENT
Title Educación para una economía competitiva :
Remainder of title hacia una estrategia de reforma /
Statement of responsibility, etc. Gillermo Trejo
250 ## - EDITION STATEMENT
Edition statement Primera edición
260 ## - PUBLICATION, DISTRIBUTION, ETC.
Place of publication, distribution, etc. México :
Name of publisher, distributor, etc. Diana,
Date of publication, distribution, etc. 1992.
300 ## - PHYSICAL DESCRIPTION
Extent 211 páginas :
Other physical details gráficos a blanco y negro ;
Dimensions 24 cm.
490 0# - SERIES STATEMENT
Series statement Alternativas para el futuro
504 ## - BIBLIOGRAPHY, ETC. NOTE
Bibliography, etc. note Bibliografía : páginas 206-211.
505 0# - FORMATTED CONTENTS NOTE
Formatted contents note El papel de la educación en el desarrollo -- Diagnóstico de la educación básica en México -- La política educativa en México -- La organización política del magisterio -- Los retos en materia de capacitación
650 24 - SUBJECT ADDED ENTRY--TOPICAL TERM
Topical term or geographic name entry element Educación básica
9 (RLIN) 9543
650 24 - SUBJECT ADDED ENTRY--TOPICAL TERM
Topical term or geographic name entry element Competencia económica
9 (RLIN) 4890
650 24 - SUBJECT ADDED ENTRY--TOPICAL TERM
Topical term or geographic name entry element Estrategia del desarrollo
General subdivision Planificación educativa
9 (RLIN) 9544
650 24 - SUBJECT ADDED ENTRY--TOPICAL TERM
Topical term or geographic name entry element Reforma educativa
General subdivision Política educativa
9 (RLIN) 9545
942 ## - ADDED ENTRY ELEMENTS (KOHA)
Source of classification or shelving scheme Dewey Decimal Classification
Koha item type Books
Existencias
Withdrawn status Lost status Source of classification or shelving scheme Materials specified (bound volume or other part) Damaged status Not for loan Home library Current library Shelving location Date acquired Source of acquisition Full call number Barcode Date last seen Copy number Price effective from Koha item type
    Dewey Decimal Classification Donación--15/04/2018--     Biblioteca Pública José María del Castillo y Rada Biblioteca Pública José María del Castillo y Rada General Stacks 11/28/2019 Donación 371.207 / C397e 430011603 05/16/2024 Ej.1 11/28/2019 Books